From discipline to culturally responsive engagement : (Record no. 137560)

MARC details
000 -LEADER
fixed length control field 00719nam a22002057a 4500
005 - DATE AND TIME OF LATEST TRANSACTION
control field 20170213153735.0
010 ## - LCCN (DPL NO)
LC control number ENG-117230
020 ## - INTERNATIONAL STANDARD BOOK NUMBER
International Standard Book Number 9789386062314
Terms of availability 750.00
035 ## - SYSTEM CONTROL NUMBER
System control number EN-100762
037 ## - SOURCE OF ACQUISITION
Source of stock number/acquisition DBAD/PUB
082 00 - DEWEY DECIMAL CLASSIFICATION NUMBER
Classification number 371.1024
100 1# - MAIN ENTRY--PERSONAL NAME
Personal name Pinto, Laura E.
245 10 - TITLE STATEMENT
Title From discipline to culturally responsive engagement :
Statement of responsibility, etc by Laura E.Pinto,
Remainder of title 45 classroom management strategies /
260 ## - PUBLICATION, DISTRIBUTION, ETC. (IMPRINT)
Place of publication, distribution, etc New Delhi
Name of publisher, distributor, etc SAGE Publications,
Date of publication, distribution, etc 2017
270 ## - ADDRESS
Address B1/I-1 Mohan Cooperative Industrial Area, Mathura Road
City New Delhi
Postal code 110044
300 ## - PHYSICAL DESCRIPTION
Extent xxi,260p.
Dimensions 22 cm.(pbk)
504 ## - BIBLIOGRAPHY, ETC. NOTE
Bibliography, etc Includes references and index.
942 ## - ADDED ENTRY ELEMENTS (KOHA)
Source of classification or shelving scheme Dewey Decimal Classification
Item type English Books
Classification part 371.1024
Call number suffix PIN
Holdings
Withdrawn status Lost status Not for loan Collection code Home library Current library Date acquired Source of acquisition Cost, normal purchase price Full call number Barcode Copy number Cost, replacement price Koha item type
    Not For Loan Non-fiction D.B.Act.Division D.B.Act.Division 13/02/2017 DBAD/PUB 750.00 371.1024 PIN EN-100762 1 750.00 English Books

© Delhi Public Library
Hit Counter
free hit counter